[Event "Miedzynarodowe Szachowe Lato w Poznaniu "]
[Site "Wyzsza Szkola Umiejetnosci Spo"]
[Date "2012.??.22"]
[Round "9.1"]
[White "Malaniuk, Vladimir"]
[Black "Bednarska-bzdega, Malgorzata"]
[Result "1-0"]
[WhiteElo "2508"]
[BlackElo "2138"]
[PlyCount "83"]
[EventDate "2012.??.??"]

1. d4 Nf6 2. Nf3 g6 3. c4 Bg7 4. Nc3 d5 5. cxd5 Nxd5 6. e4 Nxc3 7. bxc3 c5 8.
Be3 O-O 9. Be2 Nc6 10. O-O cxd4 11. cxd4 Bg4 12. d5 Bxf3 13. Bxf3 Ne5 14. Be2
Rc8 15. Qa4 b6 16. Rac1 Qd7 17. Bb5 Qd6 18. h3 f5 19. f4 Nf7 20. Rxc8 Rxc8 21.
Bd7 Rd8 22. Bc6 fxe4 23. Qxa7 Kf8 24. Bxb6 Qb8 25. Qa5 Re8 26. Bd7 Nd6 27. Bc7
Qb7 28. Bxe8 Nxe8 29. Be5 Nf6 30. d6 exd6 31. Bxd6+ Kf7 32. Qc7+ Qxc7 33. Bxc7
Nd5 34. Be5 Bf8 35. Rc1 Bb4 36. Rc4 e3 37. Kf1 Bd2 38. Ke2 Ke6 39. Rc6+ Ke7 40.
a4 Nb4 41. Bd6+ Kd7 42. Bxb4 1-0

[Event "Miedzynarodowe Szachowe Lato w Poznaniu "]
[Site "Wyzsza Szkola Umiejetnosci Spo"]
[Date "2012.??.22"]
[Round "9.2"]
[White "Choroszej, Aleksander"]
[Black "Andrzejewska, Anna"]
[Result "0-1"]
[WhiteElo "2085"]
[BlackElo "1980"]
[PlyCount "120"]
[EventDate "2012.??.??"]

1. d4 f5 2. Bg5 Nf6 3. Nc3 e6 4. e4 fxe4 5. Nxe4 Be7 6. Bxf6 Bxf6 7. Qh5+ g6 8.
Nxf6+ Qxf6 9. Qe5 Qxe5+ 10. dxe5 b6 11. Nf3 Bb7 12. Be2 Nc6 13. O-O-O O-O-O 14.
h4 h6 15. Rd2 Rhf8 16. Rh3 Ne7 17. Rg3 Rf4 18. Bd3 Bxf3 19. gxf3 Rxh4 20. Bxg6
Nxg6 21. Rxg6 Rh1+ 22. Rd1 Rxd1+ 23. Kxd1 Rf8 24. Rxh6 Rxf3 25. Ke2 Rf5 26. b3
Rxe5+ 27. Kd3 Rf5 28. Ke3 e5 29. f3 d6 30. Rh7 Rf4 31. a4 Kb7 32. Rg7 Kc6 33.
Re7 a6 34. Rg7 a5 35. Re7 Rh4 36. Rg7 Rh2 37. Kd3 Rf2 38. Rg3 Kd5 39. Rh3 c6
40. Kc3 Kc5 41. Rg3 b5 42. Rh3 d5 43. Rg3 d4+ 44. Kd3 bxa4 45. bxa4 Kb4 46. Rh3
Kxa4 47. c3 c5 48. cxd4 exd4 49. f4 Kb5 50. Ke4 a4 51. Rh8 a3 52. Kd5 Kb4 53.
Rb8+ Kc3 54. Rc8 a2 55. Rxc5+ Kb2 56. Rb5+ Kc1 57. Rc5+ Kb1 58. Rb5+ Rb2 59.
Ra5 d3 60. Ke4 d2 0-1

[Event "Miedzynarodowe Szachowe Lato w Poznaniu "]
[Site "Wyzsza Szkola Umiejetnosci Spo"]
[Date "2012.??.22"]
[Round "9.3"]
[White "Plichta, Kamil"]
[Black "Meczynski, Waldemar"]
[Result "1-0"]
[WhiteElo "2189"]
[BlackElo "2153"]
[PlyCount "69"]
[EventDate "2012.??.??"]

1. d4 Nf6 2. c4 e6 3. Nc3 Bb4 4. f3 c5 5. d5 Bxc3+ 6. bxc3 Qa5 7. Bd2 d6 8. e4
O-O 9. g4 Bd7 10. g5 Ba4 11. Qe2 Nh5 12. Rb1 exd5 13. cxd5 b5 14. c4 b4 15. a3
Na6 16. Bh3 f5 17. gxf6 Rxf6 18. Be6+ Kh8 19. Nh3 Qc7 20. f4 g6 21. axb4 cxb4
22. Be3 Ng7 23. Bd4 Rff8 24. O-O Nc5 25. f5 Ncxe6 26. dxe6 Kg8 27. Rxb4 Bc6 28.
Rb3 gxf5 29. Rg3 Bxe4 30. Bxg7 Qxg7 31. Rxg7+ Kxg7 32. Ng5 Bc6 33. Qh5 h6 34.
Nf7 Kf6 35. Qxf5+ 1-0

[Event "Miedzynarodowe Szachowe Lato w Poznaniu "]
[Site "Wyzsza Szkola Umiejetnosci Spo"]
[Date "2012.??.22"]
[Round "9.4"]
[White "Bajerlein, Dawid"]
[Black "Szczepaniak, Artur"]
[Result "1-0"]
[WhiteElo "2048"]
[BlackElo "1641"]
[PlyCount "61"]
[EventDate "2012.??.??"]

1. Nf3 Nf6 2. d4 g6 3. c4 Bg7 4. g3 O-O 5. Bg2 d6 6. Nc3 Nc6 7. O-O e5 8. dxe5
Nxe5 9. Nxe5 dxe5 10. Qxd8 Rxd8 11. Bg5 Re8 12. Nb5 Re7 13. Rad1 h6 14. Rd8+
Kh7 15. Be3 Ng4 16. Bc5 Rd7 17. Rxd7 Bxd7 18. Nxc7 Rc8 19. Bd6 h5 20. b3 b6 21.
Nd5 Nh6 22. e4 f6 23. Rc1 Rc6 24. Ba3 Nf7 25. Rd1 Bg4 26. f3 Bc8 27. Ne7 Rc7
28. Nxc8 Rxc8 29. Rd7 Rd8 30. Rxf7 Rd1+ 31. Bf1 1-0

[Event "Miedzynarodowe Szachowe Lato w Poznaniu "]
[Site "Wyzsza Szkola Umiejetnosci Spo"]
[Date "2012.??.22"]
[Round "9.5"]
[White "Zakrzewski, Marek"]
[Black "Hemmerling, Jaroslaw"]
[Result "1-0"]
[WhiteElo "2112"]
[BlackElo "1964"]
[PlyCount "45"]
[EventDate "2012.??.??"]

1. e4 e5 2. Nc3 Nf6 3. f4 d5 4. fxe5 Nxe4 5. d3 Nxc3 6. bxc3 d4 7. Nf3 Bg4 8.
Be2 dxc3 9. O-O Bc5+ 10. Kh1 Nc6 11. Ng5 Be6 12. Bg4 Bxg4 13. Qxg4 Qd4 14. Qf5
Qd5 15. e6 Qxf5 16. Rxf5 Be7 17. exf7+ Kd7 18. Bf4 h6 19. Rd5+ Bd6 20. Bxd6
hxg5 21. f8=Q Rhxf8 22. Bxf8+ Ke6 23. Rc5 1-0

[Event "Miedzynarodowe Szachowe Lato w Poznaniu "]
[Site "Wyzsza Szkola Umiejetnosci Spo"]
[Date "2012.??.??"]
[Round "9.6"]
[White "Stachowiak, Slawomir"]
[Black "Rozumek, Krzysztof"]
[Result "0-1"]
[WhiteElo "2026"]
[BlackElo "1945"]
[PlyCount "112"]
[EventDate "2012.??.??"]

1. e4 c6 2. d4 d5 3. exd5 cxd5 4. Bd3 Nf6 5. Nf3 Nc6 6. c3 g6 7. O-O Bg7 8. Re1
O-O 9. Nbd2 b6 10. Nf1 Qc7 11. Bg5 Bb7 12. Qd2 Nh5 13. Ng3 Nxg3 14. hxg3 f6 15.
Bh6 e5 16. Bb5 e4 17. Nh2 Ne7 18. Bf4 Qd8 19. g4 f5 20. g5 Kh8 21. Re3 Nc8 22.
Rh3 Nd6 23. Be2 Kg8 24. g3 Rf7 25. Kg2 Nc4 26. Bxc4 dxc4 27. Qe3 Qd5 28. Nf1 b5
29. Nd2 a5 30. Rah1 b4 31. Re1 a4 32. a3 b3 33. Rg1 Re8 34. Kh2 Re6 35. Re1
Rfe7 36. Nf1 Re8 37. Qe2 Qb5 38. Ne3 Bd5 39. Kg2 Qc6 40. Rhh1 R6e7 41. Rh3 Rf7
42. Reh1 Bf8 43. Qe1 h5 44. gxh6 Kh7 45. Qe2 Be6 46. Be5 Qd7 47. Qd2 Qd8 48.
Nd1 Qd5 49. Re1 Bc5 50. Bg7 Bd6 51. Qg5 Qc6 52. Rhh1 f4 53. g4 e3+ 54. f3 Be7
55. Qe5 Bh4 56. Rxh4 Bd5 0-1

[Event "Miedzynarodowe Szachowe Lato w Poznaniu "]
[Site "Wyzsza Szkola Umiejetnosci Spo"]
[Date "2012.??.22"]
[Round "9.7"]
[White "Dzwikowski, Adam"]
[Black "Gospodarczyk, Roman"]
[Result "0-1"]
[WhiteElo "2008"]
[BlackElo "1951"]
[PlyCount "94"]
[EventDate "2012.??.??"]

1. Nf3 d5 2. g3 Nf6 3. Bg2 Bf5 4. O-O e6 5. c4 c6 6. b3 Be7 7. d3 O-O 8. Nbd2
h6 9. Bb2 Qb6 10. Qc2 Nbd7 11. a3 a5 12. Bc3 Rfd8 13. Qb2 Bh7 14. b4 axb4 15.
axb4 Rxa1 16. Rxa1 Ng4 17. c5 Qc7 18. Bxg7 e5 19. h3 Kxg7 20. hxg4 Bf6 21. e4
dxe4 22. dxe4 b6 23. Qc2 bxc5 24. bxc5 Be7 25. Nb3 Nf6 26. Nh2 Qd7 27. Bf3 Qd3
28. Qb2 Nxe4 29. Re1 f6 30. Re3 Qc4 31. Na5 Qxc5 32. Nb7 Qd4 33. Qc2 Nc5 34.
Nxd8 Bxc2 35. Nxc6 Qd2 36. Kg2 Bd6 37. Nb4 Bg6 38. Nd5 Qd4 39. Nc3 e4 40. Be2
Be5 41. Nd1 Qa1 42. Nf1 Bd4 43. Nh2 Bxe3 44. Nxe3 Qe1 45. Bd1 Nd3 46. Nhf1
Qxf2+ 47. Kh3 Qg1 0-1

[Event "Miedzynarodowe Szachowe Lato w Poznaniu "]
[Site "Wyzsza Szkola Umiejetnosci Spo"]
[Date "2012.??.22"]
[Round "9.8"]
[White "Kaluzny, Wlodzimierz"]
[Black "Glatty, Zbigniew"]
[Result "1-0"]
[WhiteElo "2006"]
[BlackElo "1929"]
[PlyCount "87"]
[EventDate "2012.??.??"]

1. d4 d5 2. Nf3 Nf6 3. c3 e6 4. Bg5 Be7 5. e3 Nbd7 6. Nbd2 O-O 7. Bd3 c5 8. O-O
b6 9. Qe2 Bb7 10. Rad1 Ne4 11. Bxe7 Qxe7 12. Rfe1 f5 13. Bb5 Nef6 14. Nf1 a6
15. Bd3 Ne4 16. Ng3 c4 17. Bb1 b5 18. Nd2 b4 19. Ngxe4 fxe4 20. f3 bxc3 21.
bxc3 exf3 22. Nxf3 e5 23. e4 exd4 24. Rxd4 Nf6 25. e5 Nd7 26. h4 g6 27. Qd2 Nc5
28. Ng5 Ne6 29. Nxe6 Qxe6 30. Bc2 Rae8 31. Bd1 Qe7 32. h5 Rf5 33. hxg6 hxg6 34.
e6 Qg5 35. Qc2 Re7 36. Bg4 Rf6 37. Bh3 Kg7 38. Qd1 Qg3 39. Qd2 Rf8 40. Rg4 Qb8
41. Rh4 Qa7+ 42. Kh1 Rf2 43. Qh6+ Kf6 44. Rd4 1-0

[Event "Miedzynarodowe Szachowe Lato w Poznaniu "]
[Site "Wyzsza Szkola Umiejetnosci Spo"]
[Date "2012.??.??"]
[Round "9.9"]
[White "Palasz, Michal"]
[Black "Chojnacki, Tomasz"]
[Result "1/2-1/2"]
[WhiteElo "1708"]
[BlackElo "1889"]
[PlyCount "34"]
[EventDate "2012.??.??"]

1. d4 d5 2. c4 e6 3. Nc3 Be7 4. Nf3 Nf6 5. Bg5 h6 6. Bh4 O-O 7. e3 b6 8. Bxf6
Bxf6 9. cxd5 exd5 10. Be2 Be6 11. O-O c5 12. Rc1 Nd7 13. Bb5 Rc8 14. Ba6 Rb8
15. Bb5 Rc8 16. Ba6 Rb8 17. Bb5 Rc8 1/2-1/2

[Event "Miedzynarodowe Szachowe Lato w Poznaniu "]
[Site "Wyzsza Szkola Umiejetnosci Spo"]
[Date "2012.??.22"]
[Round "9.10"]
[White "Kozlowski, Tomasz"]
[Black "Kupsik, Joanna"]
[Result "1-0"]
[WhiteElo "1967"]
[BlackElo "1683"]
[PlyCount "101"]
[EventDate "2012.??.??"]

1. e4 e5 2. Nf3 Nc6 3. d4 exd4 4. Bc4 Be7 5. c3 d6 6. cxd4 Bg4 7. Be3 Nf6 8.
Nc3 O-O 9. Qd3 a6 10. h3 Bh5 11. Nd2 Bg6 12. Qe2 b5 13. Bd3 Nb4 14. Bb1 d5 15.
a3 Nc6 16. e5 Ne8 17. Bxg6 fxg6 18. Qg4 Na5 19. Qe6+ Kh8 20. Qxd5 c6 21. Qxd8
Rxd8 22. Nce4 Rd7 23. b4 Nb7 24. Rc1 Nd8 25. Nb3 Kg8 26. Ke2 Rc7 27. Na5 Kf7
28. Rc2 Ke6 29. Rhc1 Kd7 30. Nb3 Kc8 31. g3 h6 32. h4 Rf7 33. Bf4 Rf8 34. Na5
Rxf4 35. gxf4 Kd7 36. Nc5+ Bxc5 37. dxc5 Ke6 38. Nb3 Nf7 39. Nd4+ Ke7 40. Rg1
g5 41. fxg5 hxg5 42. Nf5+ Ke6 43. Nd6 Nfxd6 44. exd6 Rf7 45. hxg5 Rf5 46. Ke3
Re5+ 47. Kf3 Rf5+ 48. Kg4 Re5 49. f4 Re4 50. Rgg2 Kd7 51. Rge2 1-0

[Event "Miedzynarodowe Szachowe Lato w Poznaniu "]
[Site "Wyzsza Szkola Umiejetnosci Spo"]
[Date "2012.??.22"]
[Round "9.13"]
[White "Raczynski, Krzysztof"]
[Black "Kaczmarek, Piotr"]
[Result "0-1"]
[WhiteElo "1588"]
[BlackElo "1832"]
[PlyCount "110"]
[EventDate "2012.??.??"]

1. e4 d5 2. exd5 Nf6 3. d4 Nxd5 4. Nf3 g6 5. c3 Bg7 6. Bd3 O-O 7. Be3 Nxe3 8.
fxe3 c5 9. O-O Nc6 10. Bc2 e6 11. Nbd2 Qe7 12. Nb3 b6 13. Qe2 cxd4 14. exd4 Bb7
15. Rad1 Rad8 16. Rfe1 Qd6 17. Nbd2 Qc7 18. Nf1 a6 19. Ne3 Ne7 20. Bd3 b5 21.
a3 Nd5 22. Nxd5 Bxd5 23. Nd2 f5 24. Rc1 Bh6 25. a4 Bf4 26. h3 Bh2+ 27. Kh1 Bg3
28. Rf1 e5 29. dxe5 Rfe8 30. Nf3 Bf4 31. Ra1 Bxe5 32. Qc2 Qb7 33. axb5 axb5 34.
Nxe5 Rxe5 35. Kh2 Bxg2 36. Qxg2 Qxg2+ 37. Kxg2 Rxd3 38. Rf2 Red5 39. Re1 Rd2
40. Ree2 Rxe2 41. Rxe2 Kf7 42. h4 h6 43. Kf3 g5 44. Rg2 Kf6 45. Rh2 Rd3+ 46.
Kf2 Rd5 47. Kf3 g4+ 48. Ke3 Re5+ 49. Kf2 f4 50. Rh1 g3+ 51. Kf3 Kf5 52. Ra1
Re3+ 53. Kg2 Kg4 54. Ra6 f3+ 55. Kf1 g2+ 0-1

[Event "Miedzynarodowe Szachowe Lato w Poznaniu "]
[Site "Wyzsza Szkola Umiejetnosci Spo"]
[Date "2012.??.22"]
[Round "9.15"]
[White "Pawlicki, Dariusz"]
[Black "Nowak, Mikolaj"]
[Result "1/2-1/2"]
[WhiteElo "1708"]
[BlackElo "1572"]
[PlyCount "108"]
[EventDate "2012.??.??"]

1. d4 d5 2. c4 e6 3. Nf3 Nf6 4. e3 b6 5. Be2 Be7 6. O-O O-O 7. Nc3 Bb7 8. a3 c5
9. cxd5 Nxd5 10. Bc4 Nxc3 11. bxc3 Nd7 12. Bd3 h6 13. Nd2 Nf6 14. Bb2 cxd4 15.
cxd4 Rc8 16. Qb3 Qd5 17. Qxd5 Nxd5 18. Rfc1 a6 19. Ne4 Rxc1+ 20. Rxc1 Rc8 21.
Rxc8+ Bxc8 22. Nd2 b5 23. Kf1 Kf8 24. Ke2 f5 25. g3 g5 26. Bc2 Ke8 27. Bb3 Nf6
28. h3 Kd7 29. Nf3 Bd6 30. a4 Bb7 31. Nd2 Ne4 32. Nxe4 Bxe4 33. axb5 axb5 34.
f3 Bc6 35. Kf2 Bf8 36. Bc2 Bd5 37. e4 fxe4 38. fxe4 Bc4 39. Ke3 Bf1 40. h4 Be7
41. h5 Bf8 42. Bd3 Bxd3 43. Kxd3 Kc6 44. g4 Kb6 45. Kc3 Kc6 46. Kb3 Be7 47. Bc3
Bf6 48. Bb4 Bg7 49. Bc3 Bf8 50. Bb4 Bg7 51. Kc3 Kd7 52. Bc5 Kc7 53. Kb4 Kc6 54.
Ba7 Kb7 1/2-1/2

[Event "Miedzynarodowe Szachowe Lato w Poznaniu "]
[Site "Wyzsza Szkola Umiejetnosci Spo"]
[Date "2012.??.22"]
[Round "9.16"]
[White "Opolski, Wojciech"]
[Black "Pawlowski, Rafal"]
[Result "1-0"]
[WhiteElo "1682"]
[BlackElo "1507"]
[PlyCount "95"]
[EventDate "2012.??.??"]

1. d4 Nf6 2. c4 e6 3. Nc3 Bb4 4. a3 Bxc3+ 5. bxc3 d5 6. Nf3 dxc4 7. Qa4+ Bd7 8.
Qxc4 h6 9. g3 Bc6 10. Bg2 Nbd7 11. a4 Nb6 12. Qb4 a5 13. Qb3 O-O 14. O-O Qe8
15. Ba3 Bxa4 16. Qb1 Bc6 17. Ne5 Bxg2 18. Kxg2 Nfd5 19. Bxf8 Qxf8 20. c4 Nb4
21. e4 Qd8 22. Rd1 f6 23. c5 fxe5 24. cxb6 exd4 25. bxc7 Qxc7 26. Qb3 Qe5 27.
Re1 d3 28. f4 Qd6 29. Red1 Kh8 30. Rd2 Qd4 31. Re1 Ra6 32. Qa4 Qc5 33. g4 b5
34. Qa3 Qd6 35. e5 Qd4 36. Kg3 g5 37. fxg5 hxg5 38. Qb2 Qf4+ 39. Kg2 Nc2 40.
Rxc2 dxc2 41. Qxc2 Qxg4+ 42. Kh1 Qf3+ 43. Kg1 Kg7 44. Rf1 Rc6 45. Qd2 Qg4+ 46.
Kh1 Qe4+ 47. Kg1 Qxe5 48. Qd7+ 1-0

[Event "Miedzynarodowe Szachowe Lato w Poznaniu "]
[Site "Wyzsza Szkola Umiejetnosci Spo"]
[Date "2012.??.22"]
[Round "9.17"]
[White "Trzeciakiewicz, Michal"]
[Black "Szymanski, Leszek"]
[Result "1-0"]
[WhiteElo "1498"]
[BlackElo "1798"]
[PlyCount "103"]
[EventDate "2012.??.??"]

1. e4 e6 2. d4 d5 3. exd5 exd5 4. Nf3 Nf6 5. Bd3 Bg4 6. Bg5 Be7 7. Nbd2 O-O 8.
h3 Bh5 9. O-O Nbd7 10. c3 c6 11. Re1 Re8 12. Qc2 Bg6 13. Re3 Qc7 14. Rae1 Bd6
15. Nh4 Rxe3 16. Rxe3 Bxd3 17. Qxd3 h6 18. Bxf6 Nxf6 19. Nf5 Re8 20. Rxe8+ Nxe8
21. Qf3 Qd7 22. Qg4 Qe6 23. Nf3 Kh7 24. Qh5 Bf4 25. Qg4 g5 26. Ne3 Qxg4 27.
Nxg4 Bc1 28. b3 Nd6 29. Ne3 f6 30. Kf1 b5 31. Ke2 Bb2 32. Nd1 Ne4 33. Nxb2
Nxc3+ 34. Kd2 Nxa2 35. Nd3 a5 36. Kc2 b4 37. Nc5 Nc3 38. Nb7 Ne4 39. Nxa5 Nxf2
40. Nxc6 f5 41. Nxb4 g4 42. hxg4 fxg4 43. Ne5 g3 44. Nxd5 h5 45. Nf3 Kh6 46. b4
Kg6 47. Ng1 Kh6 48. b5 Ne4 49. b6 Nd6 50. Kb3 h4 51. Kb4 Nf5 52. b7 1-0

[Event "Miedzynarodowe Szachowe Lato w Poznaniu "]
[Site "Wyzsza Szkola Umiejetnosci Spo"]
[Date "2012.??.22"]
[Round "9.18"]
[White "Adamczyk, Wieslaw"]
[Black "Okonek, Wojciech"]
[Result "0-1"]
[WhiteElo "1605"]
[BlackElo "1541"]
[PlyCount "58"]
[EventDate "2012.??.??"]

1. e4 e6 2. b3 d5 3. Bb2 Nf6 4. e5 Nfd7 5. d4 c5 6. c3 Nc6 7. f4 Qb6 8. Nf3
cxd4 9. cxd4 f6 10. Nc3 Be7 11. Bd3 O-O 12. g4 fxe5 13. Na4 Qb4+ 14. Kf1 Qb6
15. Ke1 Bb4+ 16. Kf1 Qd8 17. fxe5 Qh4 18. h3 Qg3 19. Be2 b5 20. a3 bxa4 21.
axb4 Rxf3+ 22. Bxf3 Ba6+ 23. Qe2 Qxf3+ 24. Kg1 Qxe2 25. Rh2 Qe3+ 26. Kh1 Rf8
27. bxa4 Bd3 28. Bc1 Be4+ 29. Rg2 Qxh3+ 0-1

[Event "Miedzynarodowe Szachowe Lato w Poznaniu "]
[Site "Wyzsza Szkola Umiejetnosci Spo"]
[Date "2012.??.22"]
[Round "9.21"]
[White "Wittig, Zenon"]
[Black "Choremski, Slawomir"]
[Result "1-0"]
[WhiteElo "1590"]
[BlackElo "1467"]
[PlyCount "79"]
[EventDate "2012.??.??"]

1. e4 e5 2. Nf3 Nc6 3. Bc4 Bc5 4. d3 h6 5. Be3 Bb6 6. a3 d6 7. c3 Nf6 8. h3 Be6
9. Nbd2 O-O 10. Qe2 Bxc4 11. Nxc4 Bxe3 12. fxe3 b5 13. Ncd2 Ne7 14. O-O Nd7 15.
Nh4 Nc5 16. d4 Nd7 17. Qg4 Nf6 18. Rxf6 Ng6 19. Nxg6 Qxf6 20. Nxf8 Rxf8 21. Rf1
Qe6 22. Qxe6 fxe6 23. Rxf8+ Kxf8 24. Nf3 exd4 25. exd4 Kf7 26. Kf2 a5 27. Ke3
c6 28. e5 d5 29. g4 Kg6 30. h4 Kf7 31. Nd2 Ke7 32. Nb3 a4 33. Nc5 Kf7 34. Na6
g6 35. Nb8 Ke7 36. Nxc6+ Kd7 37. Nb4 Kc7 38. Nd3 Kd7 39. Kd2 Kc6 40. Nc5 1-0

[Event "Miedzynarodowe Szachowe Lato w Poznaniu "]
[Site "Wyzsza Szkola Umiejetnosci Spo"]
[Date "2012.??.22"]
[Round "9.24"]
[White "Zielewicz, Piotr"]
[Black "Szymenderski, Michal"]
[Result "1/2-1/2"]
[WhiteElo "1755"]
[BlackElo "1540"]
[PlyCount "130"]
[EventDate "2012.??.??"]

1. e4 e6 2. d3 d5 3. Nd2 Nf6 4. Ngf3 Bc5 5. g3 Nc6 6. Bg2 dxe4 7. dxe4 h6 8.
O-O O-O 9. c3 Qd3 10. Ne1 Qd8 11. Qe2 Ne5 12. Nb3 Bb6 13. Bf4 Ng6 14. e5 Nd5
15. Rd1 Ngxf4 16. gxf4 Nxf4 17. Qg4 Qg5 18. Qxg5 hxg5 19. h3 f5 20. Nf3 g4 21.
Ng5 g3 22. Nd4 gxf2+ 23. Kxf2 c5 24. Ne2 c4+ 25. Nd4 Nd3+ 26. Kg1 Nxb2 27. Rd2
Nd3 28. Kh1 Bxd4 29. cxd4 Rb8 30. d5 Nc5 31. dxe6 Bxe6 32. Nxe6 Nxe6 33. Bd5
Rfe8 34. Rxf5 Kh7 35. Rg2 Re7 36. Rh5+ Kg8 37. Bxc4 Rc8 38. Bb3 b5 39. Rh6 Rc6
40. Rhg6 Kf8 41. Rf2+ Ke8 42. Rd2 Rc1+ 43. Kh2 Nc5 44. Rdg2 Nxb3 45. axb3 Rxe5
46. Rxg7 Ra1 47. Rb7 Re7 48. Rxb5 Rae1 49. Rbg5 R1e3 50. R2g3 Re1 51. Rg8+ Kd7
52. R8g7 Kc6 53. Rxe7 Rxe7 54. h4 Kc5 55. Rg4 a5 56. Kh3 Re3+ 57. Rg3 Re4 58.
h5 Kd6 59. Kg2 Ke7 60. h6 Kf7 61. Rg7+ Kf8 62. Ra7 Kg8 63. Rxa5 Kh7 64. Rh5 Rd4
65. Kf2 Re4 1/2-1/2

[Event "Miedzynarodowe Szachowe Lato w Poznaniu "]
[Site "Wyzsza Szkola Umiejetnosci Spo"]
[Date "2012.??.22"]
[Round "9.26"]
[White "Piasecki, Andrzej"]
[Black "Choremska, Zuzanna"]
[Result "1-0"]
[WhiteElo "1322"]
[BlackElo "1384"]
[PlyCount "46"]
[EventDate "2012.??.??"]

1. g4 e5 2. Bg2 d5 3. c4 dxc4 4. Qa4+ c6 5. Qxc4 Be6 6. Qe4 Bd6 7. f3 Nf6 8.
Qc2 O-O 9. Nc3 Nbd7 10. d3 Nb6 11. h4 Nfd5 12. a3 Qc7 13. Ne4 Be7 14. g5 Qd8
15. Nh3 f5 16. Ng3 Nc7 17. f4 exf4 18. Bxf4 Bd6 19. O-O-O Bxf4+ 20. Nxf4 Bd7
21. Rdf1 Qe7 22. Qc3 Qe3+ 23. Kb1 Qxg3 1-0

[Event "Miedzynarodowe Szachowe Lato w Poznaniu "]
[Site "Wyzsza Szkola Umiejetnosci Spo"]
[Date "2012.??.22"]
[Round "9.16"]
[White "Opolski, Wojciech"]
[Black "Pawlowski, Rafal"]
[Result "1-0"]
[WhiteElo "1682"]
[BlackElo "1507"]
[PlyCount "30"]
[EventDate "2012.??.??"]

1. d4 Nf6 2. c4 e6 3. Nc3 Bb4 4. a3 Bxc3+ 5. bxc3 d5 6. Nf3 dxc4 7. Qa4+ Bd7 8.
Qxc4 h6 9. g3 Bc6 10. Bg2 Nbd7 11. a4 Nb6 12. Qb4 a5 13. Qb3 O-O 14. O-O Qe8
15. Ba3 Bxa4 1-0